Universidad Nacional: una conquista y un compromiso /
Analiza el rol de la Universidad Nacional (UNA) como una conquista y un compromiso para la sociedad. Presenta una caracterización general de la Universidad latinoamericana y sostiene que ésta no debe verse sólo como un aparato ideológico del Estado, pues estas instituciones han sido "verdaderas...
Guardat en:
| Autor principal: | |
|---|---|
| Altres autors: | |
| Format: | Text |
| Matèries: | |
| Etiquetes: |
Afegir etiqueta
Sense etiquetes, Sigues el primer a etiquetar aquest registre!
|
MARC
| LEADER | 00000 a a2200000 04500 | ||
|---|---|---|---|
| 001 | 12883 | ||
| 003 | |||
| 040 | |||
| 100 | |a Rivera Pérez, Luis | ||
| 245 | |a Universidad Nacional: |b una conquista y un compromiso / |c Luis Rivera Pérez ; Jaime Gerardo Delgado Rojas | ||
| 520 | |a Analiza el rol de la Universidad Nacional (UNA) como una conquista y un compromiso para la sociedad. Presenta una caracterización general de la Universidad latinoamericana y sostiene que ésta no debe verse sólo como un aparato ideológico del Estado, pues estas instituciones han sido "verdaderas trincheras de las luchas sociales y populares". Sin embargo, los agentes estatales trabajan en su interior para subordinarla a las exigencias de la política estatal, en este sentido la Universidad latinoamericana se convierte en un campo de fuerzas. La Universidad Nacional padece tres problemas básicos: 1.- el desface entre las necesidades sociales y el quehacer universitario, producto de presiones externas |a 2.- la reducción del presupuesto y, 3.- la privatización de la educación superior. El compromiso actual se dan en la medida en que se defienda la Universidad pública como autónoma, democrática, científica y popular. La renovación académica es un asunto político que requiere precisar el modelo de sociedad que se desea y los sectores sociales que se afectan con el quehacer académico. AR/JM | ||
| 650 | |a UNIVERSIDADES | ||
| 650 | |a UNIVERSIDAD NACIONAL, CR | ||
| 650 | |a EDUCACION PUBLICA | ||
| 650 | |a POLITICA EDUCATIVA | ||
| 650 | |a DEMOCRATIZACION DE LA EDUCACION | ||
| 700 | |a Delgado Rojas, Jaime Gerardo | ||
| 773 | |g número 37 -38; páginas 89-97 | ||
| 999 | |c 34172 |d 34172 | ||
| 773 | 0 | |0 41758 |9 4804 |a Universidad Nacional de Costa Rica. |d Heredia, Costa Rica: UNA 1975- |o MFN: 1133 |t Praxis / | |
